[Event "World Chess Olympiad 2018"]
[Site "Batumi"]
[Date "2018.09.30"]
[Round "6"]
[Board "2"]
[WhiteFideId "8700680"]
[White "Munenga Douglas D"]
[BlackFideId "13801163"]
[Black "Taalaibekov Tagir"]
[Result "1-0"]
[LiveChessVersion "1.4.8"]
[BlackElo "2291"]
[WhiteElo "2273"]

1. e4 {[%clk 1:30:34]} e6 {[%clk 1:30:57]} 2. d4 {[%clk 1:28:48]} d5
{[%clk 1:31:22]} 3. Nd2 {[%clk 1:27:45]} c5 {[%clk 1:31:48]} 4. Ngf3
{[%clk 1:28:10]} Nc6 {[%clk 1:32:14]} 5. exd5 {[%clk 1:27:29]} exd5
{[%clk 1:32:38]} 6. dxc5 {[%clk 1:27:51]} Bxc5 {[%clk 1:32:59]} 7. Be2
{[%clk 1:28:09]} Nge7 {[%clk 1:32:41]} 8. O-O {[%clk 1:28:28]} O-O
{[%clk 1:32:19]} 9. Nb3 {[%clk 1:27:46]} Bd6 {[%clk 1:30:37]} 10. c3
{[%clk 1:21:44]} Re8 {[%clk 1:29:19]} 11. Bd3 {[%clk 1:21:57]} Ng6
{[%clk 1:28:05]} 12. h3 {[%clk 1:19:57]} Bc7 {[%clk 1:27:52]} 13. Re1
{[%clk 0:56:38]} Nce5 {[%clk 1:25:14]} 14. Nbd4 {[%clk 0:56:32]} Nxd3
{[%clk 1:08:13]} 15. Qxd3 {[%clk 0:50:38]} Rxe1+ {[%clk 1:08:15]} 16. Nxe1
{[%clk 0:51:03]} Qe8 {[%clk 1:04:59]} 17. Be3 {[%clk 0:45:32]} Bd7
{[%clk 1:02:02]} 18. Nef3 {[%clk 0:43:25]} Qe4 {[%clk 0:59:15]} 19. Rd1
{[%clk 0:43:10]} Re8 {[%clk 0:56:45]} 20. Ng5 {[%clk 0:34:53]} Qe7
{[%clk 0:48:42]} 21. Ngf3 {[%clk 0:31:54]} Qe4 {[%clk 0:45:33]} 22. Ng5
{[%clk 0:31:37]} Qe7 {[%clk 0:45:58]} 23. Ngf3 {[%clk 0:30:03]} a6
{[%clk 0:45:24]} 24. Qd2 {[%clk 0:27:03]} Qd6 {[%clk 0:44:18]} 25. Qd3
{[%clk 0:17:49]} Qf6 {[%clk 0:37:29]} 26. Bg5 {[%clk 0:13:32]} Qb6
{[%clk 0:36:39]} 27. Qc2 {[%clk 0:12:56]} h6 {[%clk 0:36:16]} 28. Bh4
{[%clk 0:12:20]} Nxh4 {[%clk 0:16:53]} 29. Nxh4 {[%clk 0:12:47]} Re4
{[%clk 0:17:10]} 30. Nhf3 {[%clk 0:12:59]} Qg6 {[%clk 0:17:23]} 31. Kf1
{[%clk 0:12:19]} Qh5 {[%clk 0:10:03]} 32. Re1 {[%clk 0:08:43]} Rxe1+
{[%clk 0:02:05]} 33. Kxe1 {[%clk 0:08:34]} f6 {[%clk 0:00:53]} 34. Qb3
{[%clk 0:06:38]} Qe8+ {[%clk 0:01:13]} 35. Kf1 {[%clk 0:06:20]} Bc6
{[%clk 0:00:44]} 36. Nxc6 {[%clk 0:04:25]} Qxc6 {[%clk 0:01:00]} 37. Nd4
{[%clk 0:01:43]} Qc4+ {[%clk 0:01:10]} 38. Qxc4 {[%clk 0:01:12]} dxc4
{[%clk 0:01:39]} 39. Ke2 {[%clk 0:01:08]} Bf4 {[%clk 0:00:41]} 40. b4
{[%clk 0:30:38]} 1-0

[Event "World Chess Olympiad 2018"]
[Site "Batumi"]
[Date "2018.09.30"]
[Round "6"]
[Board "3"]
[WhiteFideId "13800337"]
[White "Abdyjapar Asyl"]
[BlackFideId "8700389"]
[Black "Simutowe Musatwe"]
[Result "1-0"]
[LiveChessVersion "1.4.8"]
[BlackElo "2208"]
[WhiteElo "2372"]

1. d4 {[%clk 1:30:57]} d5 {[%clk 1:30:30]} 2. c4 {[%clk 1:31:20]} c6
{[%clk 1:30:45]} 3. Nf3 {[%clk 1:31:47]} Nf6 {[%clk 1:31:01]} 4. Qc2
{[%clk 1:32:13]} e6 {[%clk 1:31:09]} 5. g3 {[%clk 1:32:39]} Nbd7 {[%clk 1:28:49]}
6. Bg2 {[%clk 1:33:04]} Be7 {[%clk 1:28:41]} 7. O-O {[%clk 1:33:30]} O-O
{[%clk 1:29:02]} 8. Nbd2 {[%clk 1:31:36]} b6 {[%clk 1:27:15]} 9. e4
{[%clk 1:31:41]} Bb7 {[%clk 1:26:19]} 10. Rd1 {[%clk 1:25:59]} Rc8
{[%clk 1:22:11]} 11. e5 {[%clk 1:25:18]} Ne8 {[%clk 1:22:32]} 12. Nf1
{[%clk 1:21:47]} Nc7 {[%clk 1:20:16]} 13. b3 {[%clk 1:21:45]} c5 {[%clk 1:14:00]}
14. Ne3 {[%clk 1:22:00]} Qe8 {[%clk 1:06:18]} 15. Bb2 {[%clk 1:21:16]} b5
{[%clk 0:58:09]} 16. dxc5 {[%clk 1:19:21]} Nxc5 {[%clk 0:54:43]} 17. Ng4
{[%clk 1:15:00]} Ne4 {[%clk 0:31:00]} 18. Nd4 {[%clk 1:06:57]} f5
{[%clk 0:30:11]} 19. exf6 {[%clk 1:07:18]} Nxf6 {[%clk 0:30:20]} 20. Nxf6+
{[%clk 1:07:28]} Bxf6 {[%clk 0:30:36]} 21. Rac1 {[%clk 1:04:32]} bxc4
{[%clk 0:26:12]} 22. bxc4 {[%clk 1:04:56]} Kh8 {[%clk 0:20:06]} 23. Re1
{[%clk 0:59:04]} Qf7 {[%clk 0:16:18]} 24. c5 {[%clk 0:59:05]} Rfe8
{[%clk 0:06:20]} 25. c6 {[%clk 0:55:36]} Ba6 {[%clk 0:06:04]} 26. Nf3
{[%clk 0:55:53]} Bc4 {[%clk 0:04:50]} 27. Ne5 {[%clk 0:55:36]} Bxe5
{[%clk 0:04:44]} 28. Bxe5 {[%clk 0:55:55]} Na8 {[%clk 0:04:41]} 29. f4
{[%clk 0:53:58]} Rxc6 {[%clk 0:04:58]} 30. Bd4 {[%clk 0:54:12]} Nb6
{[%clk 0:05:05]} 31. Qd2 {[%clk 0:53:09]} Nd7 {[%clk 0:03:15]} 32. Qb2
{[%clk 0:47:56]} Rb8 {[%clk 0:03:23]} 33. Qf2 {[%clk 0:48:03]} a5
{[%clk 0:03:14]} 34. Rb1 {[%clk 0:47:18]} Rcc8 {[%clk 0:03:20]} 35. Rxb8
{[%clk 0:45:04]} Rxb8 {[%clk 0:03:43]} 36. Bh3 {[%clk 0:45:05]} Re8
{[%clk 0:03:10]} 37. Qe3 {[%clk 0:44:48]} Nf8 {[%clk 0:01:42]} 38. f5
{[%clk 0:42:11]} e5 {[%clk 0:00:35]} 39. Bxe5 {[%clk 0:42:29]} Kg8
{[%clk 0:01:01]} 40. Qf2 {[%clk 1:11:27]} Bd3 {[%clk 0:30:41]} 41. g4
{[%clk 1:10:35]} Be4 {[%clk 0:29:20]} 42. Qd4 {[%clk 1:05:23]} Nd7
{[%clk 0:28:53]} 43. Bd6 {[%clk 1:05:43]} Rc8 {[%clk 0:28:52]} 44. Re2
{[%clk 1:02:29]} h6 {[%clk 0:27:40]} 45. Bf1 {[%clk 0:59:03]} Qf6
{[%clk 0:19:27]} 46. Qxf6 {[%clk 0:59:03]} Nxf6 {[%clk 0:19:51]} 47. h3
{[%clk 0:58:33]} Bd3 {[%clk 0:19:57]} 48. Re3 {[%clk 0:57:21]} Bxf1
{[%clk 0:19:03]} 49. Kxf1 {[%clk 0:57:48]} Rc1+ {[%clk 0:19:21]} 50. Re1
{[%clk 0:55:58]} Rc2 {[%clk 0:18:44]} 51. Re2 {[%clk 0:56:13]} Rc3
{[%clk 0:16:23]} 52. Kg2 {[%clk 0:56:32]} Ne4 {[%clk 0:16:17]} 53. Be5
{[%clk 0:56:46]} Rc4 {[%clk 0:14:07]} 54. Rb2 {[%clk 0:55:32]} d4
{[%clk 0:09:59]} 55. Rb8+ {[%clk 0:51:24]} Kf7 {[%clk 0:07:20]} 56. Rd8
{[%clk 0:50:33]} Nf6 {[%clk 0:06:52]} 57. Rxd4 {[%clk 0:49:35]} Rc2+
{[%clk 0:07:16]} 58. Kf3 {[%clk 0:50:01]} Rxa2 {[%clk 0:07:35]} 59. Rd3
{[%clk 0:48:08]} a4 {[%clk 0:06:36]} 60. h4 {[%clk 0:48:31]} Rc2 {[%clk 0:05:33]}
61. g5 {[%clk 0:47:22]} hxg5 {[%clk 0:05:44]} 62. hxg5 {[%clk 0:47:49]} Ne8
{[%clk 0:06:03]} 63. Rd7+ {[%clk 0:47:25]} Kf8 {[%clk 0:06:06]} 64. Ra7
{[%clk 0:47:27]} Rc4 {[%clk 0:05:46]} 65. g6 {[%clk 0:45:13]} Rb4
{[%clk 0:03:31]} 66. Ke3 {[%clk 0:45:27]} Rb3+ {[%clk 0:03:40]} 67. Kd4
{[%clk 0:43:21]} Rb4+ {[%clk 0:03:46]} 68. Kc5 {[%clk 0:43:25]} Re4
{[%clk 0:03:35]} 69. Kd5 {[%clk 0:43:20]} Rb4 {[%clk 0:03:42]} 70. Bd4
{[%clk 0:41:23]} Rb8 {[%clk 0:01:45]} 71. Ke6 {[%clk 0:40:18]} a3
{[%clk 0:01:36]} 72. Rxa3 {[%clk 0:39:46]} Nc7+ {[%clk 0:00:43]} 73. Kd7
{[%clk 0:40:09]} Nd5 {[%clk 0:00:47]} 74. Be5 {[%clk 0:38:22]} Nf6+
{[%clk 0:00:37]} 75. Bxf6 {[%clk 0:38:35]} gxf6 {[%clk 0:01:01]} 76. Ra6
{[%clk 0:38:00]} Kg7 {[%clk 0:01:18]} 77. Ra7 {[%clk 0:38:25]} Rb6
{[%clk 0:00:34]} 78. Ke7 {[%clk 0:37:57]} Rc6 {[%clk 0:00:37]} 79. Ke8+
{[%clk 0:38:14]} Kg8 {[%clk 0:01:03]} 80. Rf7 {[%clk 0:38:36]} Ra6
{[%clk 0:00:37]} 81. Ke7 {[%clk 0:38:59]} Ra8 {[%clk 0:00:33]} 82. Kxf6
{[%clk 0:39:19]} Ra1 {[%clk 0:00:48]} 83. Rb7 {[%clk 0:39:43]} 1-0

[Event "World Chess Olympiad 2018"]
[Site "Batumi"]
[Date "2018.09.30"]
[Round "6"]
[Board "4"]
[WhiteFideId "8701776"]
[White "Mulenga Prince Daniel"]
[BlackFideId "13801856"]
[Black "Sezdbekov Ruslan"]
[Result "1/2-1/2"]
[LiveChessVersion "1.4.8"]
[BlackElo "2160"]
[WhiteElo "2237"]

1. e4 {[%clk 1:30:14]} e5 {[%clk 1:30:51]} 2. Nf3 {[%clk 1:27:04]} Nc6
{[%clk 1:31:13]} 3. Bb5 {[%clk 1:27:05]} a6 {[%clk 1:31:39]} 4. Ba4
{[%clk 1:27:25]} Nf6 {[%clk 1:32:02]} 5. Qe2 {[%clk 1:27:40]} b5 {[%clk 1:31:14]}
6. Bb3 {[%clk 1:28:07]} Bc5 {[%clk 1:30:58]} 7. c3 {[%clk 1:28:16]} O-O
{[%clk 1:29:07]} 8. d3 {[%clk 1:28:25]} h6 {[%clk 1:24:40]} 9. Nbd2
{[%clk 1:27:35]} d5 {[%clk 1:22:05]} 10. O-O {[%clk 1:27:14]} d4 {[%clk 1:15:34]}
11. Bc2 {[%clk 1:16:46]} Be6 {[%clk 1:12:07]} 12. Nb3 {[%clk 1:16:53]} Bb6
{[%clk 1:08:56]} 13. cxd4 {[%clk 1:17:13]} exd4 {[%clk 1:07:01]} 14. Bf4
{[%clk 1:15:40]} Nb4 {[%clk 1:00:31]} 15. a3 {[%clk 1:10:41]} Nxc2
{[%clk 0:55:11]} 16. Qxc2 {[%clk 1:11:08]} Bxb3 {[%clk 0:54:37]} 17. Qxb3
{[%clk 1:11:36]} c5 {[%clk 0:52:47]} 18. a4 {[%clk 1:11:27]} Qd7 {[%clk 0:47:36]}
19. axb5 {[%clk 1:08:28]} Qxb5 {[%clk 0:44:26]} 20. Qc2 {[%clk 1:07:33]} Rfc8
{[%clk 0:37:05]} 21. Nd2 {[%clk 1:07:36]} Bc7 {[%clk 0:29:12]} 22. Bxc7
{[%clk 1:07:22]} Rxc7 {[%clk 0:28:12]} 23. Nc4 {[%clk 1:07:50]} Nd7
{[%clk 0:27:15]} 24. Ra5 {[%clk 1:07:52]} Qb4 {[%clk 0:23:33]} 25. Ra3
{[%clk 1:05:27]} Qb8 {[%clk 0:21:46]} 26. Rfa1 {[%clk 1:04:32]} Rc6
{[%clk 0:21:42]} 27. Qa4 {[%clk 1:03:00]} Qc7 {[%clk 0:21:21]} 28. Qc2
{[%clk 0:56:34]} Ne5 {[%clk 0:18:30]} 29. Nxe5 {[%clk 0:50:06]} Qxe5
{[%clk 0:18:54]} 30. Qc4 {[%clk 0:50:35]} Rb8 {[%clk 0:14:32]} 31. b3
{[%clk 0:46:41]} Rb4 {[%clk 0:14:00]} 32. Qc2 {[%clk 0:46:48]} Qe6
{[%clk 0:13:48]} 33. g3 {[%clk 0:42:15]} Kh7 {[%clk 0:12:49]} 1/2-1/2

[Event "World Chess Olympiad 2018"]
[Site "Batumi"]
[Date "2018.09.30"]
[Round "6"]
[Board "1"]
[WhiteFideId "9300244"]
[White "Omar Noaman"]
[BlackFideId "14300249"]
[Black "Cawdery Daniel"]
[Result "0-1"]
[LiveChessVersion "1.4.8"]
[BlackElo "2422"]
[WhiteElo "2356"]

1. d4 {[%clk 1:30:53]} Nf6 {[%clk 1:30:51]} 2. c4 {[%clk 1:31:14]} g6
{[%clk 1:30:55]} 3. Nc3 {[%clk 1:31:36]} Bg7 {[%clk 1:31:15]} 4. e4
{[%clk 1:31:48]} d6 {[%clk 1:31:41]} 5. h3 {[%clk 1:32:09]} O-O {[%clk 1:32:04]}
6. Nf3 {[%clk 1:31:26]} e5 {[%clk 1:32:10]} 7. d5 {[%clk 1:31:50]} a5
{[%clk 1:32:37]} 8. Be3 {[%clk 1:31:57]} Na6 {[%clk 1:33:00]} 9. Nd2
{[%clk 1:32:10]} Nd7 {[%clk 1:32:49]} 10. g4 {[%clk 1:32:11]} f5 {[%clk 1:30:43]}
11. gxf5 {[%clk 1:31:30]} gxf5 {[%clk 1:30:40]} 12. exf5 {[%clk 1:30:27]} Ndc5
{[%clk 1:31:09]} 13. Nde4 {[%clk 1:16:28]} Bxf5 {[%clk 1:31:34]} 14. Nxc5
{[%clk 1:14:22]} Nxc5 {[%clk 1:31:10]} 15. Qd2 {[%clk 1:13:49]} a4
{[%clk 1:14:41]} 16. Rg1 {[%clk 1:12:33]} Bg6 {[%clk 1:13:47]} 17. Be2
{[%clk 0:58:51]} Qf6 {[%clk 1:11:09]} 18. Rc1 {[%clk 0:34:40]} e4
{[%clk 1:05:49]} 19. Nb5 {[%clk 0:28:04]} Rf7 {[%clk 0:53:37]} 20. Nd4
{[%clk 0:24:40]} Re8 {[%clk 0:53:14]} 21. Rc3 {[%clk 0:23:02]} Nd3+
{[%clk 0:46:43]} 22. Bxd3 {[%clk 0:23:24]} exd3 {[%clk 0:47:08]} 23. Kd1
{[%clk 0:21:35]} c5 {[%clk 0:33:29]} 24. Ne6 {[%clk 0:20:10]} Qf3+
{[%clk 0:29:27]} 25. Kc1 {[%clk 0:20:07]} Bxc3 {[%clk 0:29:29]} 26. Qxc3
{[%clk 0:18:58]} Qxh3 {[%clk 0:20:40]} 27. Qxd3 {[%clk 0:16:23]} Rxe6
{[%clk 0:17:22]} 28. dxe6 {[%clk 0:16:31]} Qxe6 {[%clk 0:17:40]} 29. Rg5
{[%clk 0:08:22]} Rf5 {[%clk 0:16:23]} 30. Rxf5 {[%clk 0:08:35]} Bxf5
{[%clk 0:16:51]} 31. Qc3 {[%clk 0:06:56]} Kf7 {[%clk 0:15:59]} 32. Kd2
{[%clk 0:07:05]} Qf6 {[%clk 0:11:42]} 33. Qxf6+ {[%clk 0:06:18]} Kxf6
{[%clk 0:12:11]} 34. Bf4 {[%clk 0:05:42]} Ke6 {[%clk 0:12:27]} 35. Bh6
{[%clk 0:05:58]} Bb1 {[%clk 0:11:34]} 36. a3 {[%clk 0:06:25]} Be4
{[%clk 0:11:05]} 37. Kc3 {[%clk 0:05:13]} Bc6 {[%clk 0:11:20]} 38. Kd3
{[%clk 0:04:16]} b5 {[%clk 0:11:33]} 39. cxb5 {[%clk 0:04:03]} Bxb5+
{[%clk 0:12:00]} 40. Ke3 {[%clk 0:31:13]} d5 {[%clk 0:41:35]} 41. Kf4
{[%clk 0:08:00]} d4 {[%clk 0:41:25]} 42. Ke4 {[%clk 0:05:22]} Bc6+
{[%clk 0:41:47]} 43. Kd3 {[%clk 0:05:47]} Kd5 {[%clk 0:42:12]} 44. Kd2
{[%clk 0:05:22]} Bd7 {[%clk 0:42:10]} 45. Kc2 {[%clk 0:05:37]} Bf5+
{[%clk 0:42:36]} 46. Kd2 {[%clk 0:05:58]} Kc4 {[%clk 0:42:01]} 47. Bg5
{[%clk 0:03:30]} h5 {[%clk 0:42:18]} 48. Be7 {[%clk 0:02:53]} Kd5
{[%clk 0:42:23]} 49. Ke2 {[%clk 0:02:38]} Bd7 {[%clk 0:41:28]} 50. Kd2
{[%clk 0:02:55]} Bb5 {[%clk 0:37:44]} 51. Ke1 {[%clk 0:02:21]} c4
{[%clk 0:36:34]} 52. Bf6 {[%clk 0:02:30]} Ke4 {[%clk 0:36:47]} 53. Kd2
{[%clk 0:02:50]} d3 {[%clk 0:36:26]} 0-1

[Event "World Chess Olympiad 2018"]
[Site "Batumi"]
[Date "2018.09.30"]
[Round "6"]
[Board "2"]
[WhiteFideId "14300141"]
[White "Kobese Watu"]
[BlackFideId "9300465"]
[Black "AlHuwar Jasem"]
[Result "0-1"]
[LiveChessVersion "1.4.8"]
[BlackElo "2245"]
[WhiteElo "2344"]

1. e4 {[%clk 1:30:56]} c6 {[%clk 1:30:27]} 2. d4 {[%clk 1:31:04]} d5
{[%clk 1:30:44]} 3. exd5 {[%clk 1:31:25]} cxd5 {[%clk 1:31:07]} 4. c4
{[%clk 1:31:49]} Nf6 {[%clk 1:31:16]} 5. Nc3 {[%clk 1:32:07]} Nc6
{[%clk 1:31:13]} 6. Bg5 {[%clk 1:32:17]} Be6 {[%clk 1:31:04]} 7. Nh3
{[%clk 1:13:28]} dxc4 {[%clk 0:58:26]} 8. Nf4 {[%clk 0:56:19]} Bf5
{[%clk 0:36:32]} 9. d5 {[%clk 0:52:08]} Ne5 {[%clk 0:35:22]} 10. Qd4
{[%clk 0:52:23]} Nfd7 {[%clk 0:34:36]} 11. O-O-O {[%clk 0:26:49]} h6
{[%clk 0:32:17]} 12. Ne6 {[%clk 0:23:31]} fxe6 {[%clk 0:27:24]} 13. dxe6
{[%clk 0:23:46]} Bxe6 {[%clk 0:18:26]} 14. Bf4 {[%clk 0:23:50]} Qa5
{[%clk 0:18:46]} 15. Re1 {[%clk 0:20:18]} Nc6 {[%clk 0:18:43]} 16. Qd2
{[%clk 0:18:11]} Bf7 {[%clk 0:18:03]} 17. Bc7 {[%clk 0:18:24]} Qa6
{[%clk 0:09:43]} 18. Ne4 {[%clk 0:08:28]} e5 {[%clk 0:08:47]} 19. Rd1
{[%clk 0:03:08]} Be6 {[%clk 0:06:38]} 20. Be2 {[%clk 0:03:20]} g6
{[%clk 0:05:42]} 21. Kb1 {[%clk 0:01:49]} Nb4 {[%clk 0:02:53]} 22. Nc3
{[%clk 0:01:24]} Bf5+ {[%clk 0:02:59]} 23. Ka1 {[%clk 0:01:25]} Nc2+
{[%clk 0:03:20]} 24. Kb1 {[%clk 0:01:36]} Nd4+ {[%clk 0:03:46]} 0-1

[Event "World Chess Olympiad 2018"]
[Site "Batumi"]
[Date "2018.09.30"]
[Round "6"]
[Board "3"]
[WhiteFideId "9308733"]
[White "Al Hosani Omran"]
[BlackFideId "14300133"]
[Black "Klaasen Calvin John"]
[Result "0-1"]
[LiveChessVersion "1.4.8"]
[BlackElo "2262"]
[WhiteElo "2115"]

1. d4 {[%clk 1:30:55]} d6 {[%clk 1:29:41]} 2. e4 {[%clk 1:30:53]} Nf6
{[%clk 1:29:06]} 3. Nc3 {[%clk 1:31:14]} g6 {[%clk 1:29:31]} 4. Bf4
{[%clk 1:30:02]} Bg7 {[%clk 1:29:26]} 5. Qd2 {[%clk 1:29:03]} O-O
{[%clk 1:29:48]} 6. O-O-O {[%clk 1:25:38]} c6 {[%clk 1:24:09]} 7. Bh6
{[%clk 1:23:18]} b5 {[%clk 1:24:20]} 8. Bxg7 {[%clk 1:22:46]} Kxg7
{[%clk 1:24:48]} 9. f3 {[%clk 1:18:59]} Qc7 {[%clk 1:13:45]} 10. g4
{[%clk 1:18:42]} e5 {[%clk 1:14:07]} 11. h4 {[%clk 1:16:35]} h5 {[%clk 1:14:02]}
12. g5 {[%clk 1:16:12]} Nh7 {[%clk 1:09:17]} 13. f4 {[%clk 1:13:59]} exf4
{[%clk 1:02:56]} 14. Qxf4 {[%clk 1:13:43]} f6 {[%clk 1:02:52]} 15. Qg3
{[%clk 1:09:52]} fxg5 {[%clk 1:02:30]} 16. hxg5 {[%clk 1:09:42]} Qe7
{[%clk 1:02:46]} 17. Kb1 {[%clk 1:03:38]} b4 {[%clk 0:58:50]} 18. Nce2
{[%clk 1:02:51]} Nxg5 {[%clk 0:48:49]} 19. Bg2 {[%clk 0:59:36]} Bg4
{[%clk 0:47:14]} 20. e5 {[%clk 0:58:45]} d5 {[%clk 0:46:46]} 21. Re1
{[%clk 0:58:13]} Na6 {[%clk 0:40:42]} 22. Nf4 {[%clk 0:56:53]} Nc7
{[%clk 0:39:32]} 23. Ngh3 {[%clk 0:54:29]} Nce6 {[%clk 0:37:28]} 24. Nxg5
{[%clk 0:53:34]} Nxg5 {[%clk 0:37:43]} 25. e6 {[%clk 0:52:42]} Qf6
{[%clk 0:12:28]} 26. e7 {[%clk 0:48:09]} Qxf4 {[%clk 0:09:31]} 27. exf8=Q+
{[%clk 0:47:24]} Rxf8 {[%clk 0:09:02]} 28. Re7+ {[%clk 0:45:27]} Kh6
{[%clk 0:08:58]} 29. Qe1 {[%clk 0:39:17]} Qxd4 {[%clk 0:07:37]} 30. Rb7
{[%clk 0:38:05]} a5 {[%clk 0:06:54]} 31. Rc7 {[%clk 0:34:08]} Qf2
{[%clk 0:02:39]} 32. Rf1 {[%clk 0:27:34]} Qxe1+ {[%clk 0:02:33]} 33. Rxe1
{[%clk 0:28:03]} Rf6 {[%clk 0:01:54]} 34. Ra7 {[%clk 0:27:43]} Rf2
{[%clk 0:01:30]} 35. Bh1 {[%clk 0:27:28]} Bf5 {[%clk 0:01:41]} 36. Rxa5
{[%clk 0:26:02]} Rxc2 {[%clk 0:01:54]} 37. Ka1 {[%clk 0:25:06]} Ne4
{[%clk 0:01:57]} 38. Ra4 {[%clk 0:23:58]} c5 {[%clk 0:02:10]} 39. Bxe4
{[%clk 0:24:02]} Bxe4 {[%clk 0:02:29]} 40. a3 {[%clk 0:54:30]} bxa3
{[%clk 0:31:09]} 41. bxa3 {[%clk 0:54:59]} h4 {[%clk 0:29:01]} 42. Ra8
{[%clk 0:55:22]} Kg5 {[%clk 0:27:25]} 43. Rh8 {[%clk 0:52:37]} Kg4
{[%clk 0:26:16]} 44. a4 {[%clk 0:52:43]} h3 {[%clk 0:24:23]} 45. Rg1+
{[%clk 0:52:03]} Rg2 {[%clk 0:24:06]} 46. Rh1 {[%clk 0:52:10]} Ra2+
{[%clk 0:19:05]} 47. Kxa2 {[%clk 0:52:39]} Bxh1 {[%clk 0:19:29]} 48. a5
{[%clk 0:53:04]} d4 {[%clk 0:19:52]} 49. a6 {[%clk 0:53:21]} Kg3 {[%clk 0:19:39]}
50. a7 {[%clk 0:53:46]} Bd5+ {[%clk 0:19:56]} 0-1

[Event "World Chess Olympiad 2018"]
[Site "Batumi"]
[Date "2018.09.30"]
[Round "6"]
[Board "4"]
[WhiteFideId "14300702"]
[White "Mabusela Johannes Manyedi"]
[BlackFideId "9312331"]
[Black "Ammar Sedrani"]
[Result "1-0"]
[LiveChessVersion "1.4.8"]
[BlackElo "2099"]
[WhiteElo "2245"]

1. d4 {[%clk 1:30:57]} d5 {[%clk 1:30:43]} 2. c4 {[%clk 1:31:21]} c6
{[%clk 1:30:12]} 3. Nf3 {[%clk 1:31:01]} Nf6 {[%clk 1:30:28]} 4. Nc3
{[%clk 1:27:29]} a6 {[%clk 1:30:14]} 5. c5 {[%clk 1:25:51]} b5 {[%clk 1:26:30]}
6. cxb6 {[%clk 1:25:49]} Qxb6 {[%clk 1:26:50]} 7. e3 {[%clk 1:25:44]} Bg4
{[%clk 1:24:47]} 8. Be2 {[%clk 1:25:03]} Nbd7 {[%clk 1:25:04]} 9. O-O
{[%clk 1:25:18]} e6 {[%clk 1:25:11]} 10. b3 {[%clk 1:24:34]} c5 {[%clk 1:23:25]}
11. Na4 {[%clk 1:21:08]} Qa7 {[%clk 1:20:52]} 12. Bb2 {[%clk 1:19:20]} Bxf3
{[%clk 1:19:18]} 13. Bxf3 {[%clk 1:19:12]} cxd4 {[%clk 1:18:19]} 14. Bxd4
{[%clk 1:15:50]} Qb8 {[%clk 1:15:23]} 15. Rc1 {[%clk 1:08:24]} Bd6
{[%clk 1:12:02]} 16. h3 {[%clk 1:04:33]} h5 {[%clk 1:03:15]} 17. Rc6
{[%clk 0:58:30]} Ke7 {[%clk 0:47:18]} 18. Qc2 {[%clk 0:39:31]} g5
{[%clk 0:38:16]} 19. g3 {[%clk 0:35:20]} g4 {[%clk 0:35:42]} 20. hxg4
{[%clk 0:32:19]} hxg4 {[%clk 0:34:47]} 21. Bg2 {[%clk 0:32:35]} Rh5
{[%clk 0:26:24]} 22. Nb6 {[%clk 0:25:44]} Nxb6 {[%clk 0:13:45]} 23. Rxb6
{[%clk 0:24:43]} Qd8 {[%clk 0:13:47]} 24. Rc1 {[%clk 0:22:06]} Ne8
{[%clk 0:11:49]} 25. Qc6 {[%clk 0:19:36]} Kf8 {[%clk 0:10:57]} 26. Rxa6
{[%clk 0:16:46]} Rxa6 {[%clk 0:09:50]} 27. Qxa6 {[%clk 0:17:15]} e5
{[%clk 0:07:30]} 28. Bb2 {[%clk 0:16:24]} Qg5 {[%clk 0:06:56]} 29. Rc8
{[%clk 0:15:57]} Qe7 {[%clk 0:06:35]} 30. Qc6 {[%clk 0:15:44]} d4
{[%clk 0:05:39]} 31. exd4 {[%clk 0:11:57]} exd4 {[%clk 0:05:17]} 32. Rxe8+
{[%clk 0:11:59]} Qxe8 {[%clk 0:05:35]} 33. Qxd6+ {[%clk 0:12:24]} Qe7
{[%clk 0:05:09]} 34. Qxe7+ {[%clk 0:12:22]} Kxe7 {[%clk 0:05:38]} 35. Bxd4
{[%clk 0:12:42]} Kd6 {[%clk 0:05:31]} 36. a4 {[%clk 0:12:01]} Ra5
{[%clk 0:04:59]} 37. Bb6 {[%clk 0:11:53]} Re5 {[%clk 0:05:13]} 38. b4
{[%clk 0:12:04]} Re1+ {[%clk 0:05:27]} 39. Kh2 {[%clk 0:12:18]} Rb1
{[%clk 0:05:48]} 40. Bc5+ {[%clk 0:42:41]} Kc7 {[%clk 0:36:12]} 41. a5
{[%clk 0:42:51]} Ra1 {[%clk 0:36:30]} 42. Bb6+ {[%clk 0:43:04]} Kb8
{[%clk 0:36:45]} 43. b5 {[%clk 0:43:19]} Rb1 {[%clk 0:37:08]} 44. a6
{[%clk 0:42:50]} 1-0

[Event "World Chess Olympiad 2018"]
[Site "Batumi"]
[Date "2018.09.30"]
[Round "6"]
[Board "1"]
[WhiteFideId "12300675"]
[White "Kayastha Madan Krishna"]
[BlackFideId "9916148"]
[Black "Piyumantha M Sasith Nipun"]
[Result "1-0"]
[LiveChessVersion "1.4.8"]
[BlackElo "2139"]
[WhiteElo "2077"]

1. e4 {[%clk 1:30:39]} c6 {[%clk 1:30:51]} 2. Nc3 {[%clk 1:30:44]} d5
{[%clk 1:31:05]} 3. Nf3 {[%clk 1:31:07]} Nf6 {[%clk 1:30:05]} 4. e5
{[%clk 1:28:15]} Ne4 {[%clk 1:30:26]} 5. d3 {[%clk 1:20:36]} Nxc3
{[%clk 1:30:40]} 6. bxc3 {[%clk 1:21:00]} c5 {[%clk 1:30:14]} 7. h3
{[%clk 1:16:33]} Nc6 {[%clk 1:29:04]} 8. d4 {[%clk 1:04:06]} e6 {[%clk 1:28:54]}
9. Bb5 {[%clk 1:00:49]} Bd7 {[%clk 1:26:55]} 10. Bxc6 {[%clk 0:56:38]} Bxc6
{[%clk 1:27:16]} 11. O-O {[%clk 0:57:01]} Be7 {[%clk 1:22:44]} 12. Be3
{[%clk 0:52:51]} Qa5 {[%clk 1:21:22]} 13. Qd2 {[%clk 0:51:59]} O-O
{[%clk 1:17:05]} 14. dxc5 Bxc5 {[%clk 1:17:14]} 15. Nd4 {[%clk 0:39:50]} Bxd4
{[%clk 1:12:44]} 16. Bxd4 {[%clk 0:39:30]} Bb5 {[%clk 1:05:42]} 17. Rfe1
{[%clk 0:37:51]} Rac8 {[%clk 1:04:40]} 18. Re3 {[%clk 0:37:07]} Rc4
{[%clk 1:01:38]} 19. Rg3 {[%clk 0:36:47]} Kh8 {[%clk 1:00:41]} 20. a3
{[%clk 0:33:42]} Qc7 {[%clk 0:58:22]} 21. Rb1 {[%clk 0:29:21]} a6
{[%clk 0:58:05]} 22. h4 {[%clk 0:26:41]} h6 {[%clk 0:41:04]} 23. h5
{[%clk 0:11:50]} Rc8 {[%clk 0:38:46]} 24. f4 {[%clk 0:11:24]} Qe7
{[%clk 0:37:10]} 25. Rg4 {[%clk 0:04:57]} R8c7 {[%clk 0:33:43]} 26. Rb4
{[%clk 0:02:58]} Qe8 {[%clk 0:24:19]} 27. Rb1 {[%clk 0:03:02]} Qg8
{[%clk 0:21:43]} 28. Re1 {[%clk 0:02:20]} Qh7 {[%clk 0:19:58]} 29. Re3
{[%clk 0:02:34]} Rc8 {[%clk 0:19:47]} 30. Reg3 {[%clk 0:02:22]} Rg8
{[%clk 0:20:14]} 31. Rg6 {[%clk 0:02:21]} Be8 {[%clk 0:20:19]} 32. f5
{[%clk 0:02:27]} exf5 {[%clk 0:19:57]} 33. Rd6 {[%clk 0:02:17]} Rc6
{[%clk 0:16:37]} 34. Qf4 {[%clk 0:01:48]} Rxd6 {[%clk 0:12:23]} 35. exd6
{[%clk 0:02:16]} f6 {[%clk 0:12:44]} 36. Re3 {[%clk 0:02:10]} Bxh5
{[%clk 0:05:36]} 37. d7 {[%clk 0:01:54]} Rf8 {[%clk 0:05:05]} 38. Qc7
{[%clk 0:01:11]} Qg8 {[%clk 0:05:02]} 39. Bb6 {[%clk 0:01:16]} d4
{[%clk 0:05:05]} 40. cxd4 {[%clk 0:31:24]} f4 {[%clk 0:33:58]} 41. Qxf4
{[%clk 0:27:52]} Qd5 {[%clk 0:33:23]} 42. Qc7 {[%clk 0:26:56]} Qg5
{[%clk 0:32:15]} 43. Rg3 {[%clk 0:26:57]} Qc1+ {[%clk 0:29:18]} 44. Kh2
{[%clk 0:26:41]} 1-0